LEADER 01491nam a2200205 i 4500 001 000000139141 003 CaOOAMICUS 005 20100209000000.0 008 100209s1568 it u000 u ita u 013 $a113145 040 $aSeMil$bita 245 10$aVarii sermoni di S. Agostino et d'altri catholici et antichi dottori [Giovanni Crisostomo, Basilio, Gregorio Magno, Ambrogio, Leone Magno, Cipriano, Bernardo] messi insieme e fatti volgari da ... ; con alcune homelie del medesimo non prima date in. luce, I e II parte. 260 $aVenezia :$bappresso Francesco Sansovino,$c1568 (I) ; appresso Girolamo Scotto, 1564 (II) 300 $a15 x 21 ;$cvol. 1 con due tomi ;$cI, cc. 240 ;$cII, pp. 216 ;$crom. 500 $aDescrizione da : Incunaboli e Cinquecentine della Biblioteca del Seminario di Milano / catalogo a cura di Ubaldo Valentini, Milano 1981. - Numero di catalogo : 687. 700 1 $aFlorimonte, Galeazzo .$0(OLS)http://semarc/name/13588 850 $aSeMil 852 $aSeMil$W1$xVenegono$y1$mFV.F III 45$j92579$B92579$CSeMilBibl$Z2$F97753 $86 996 $6245$aVarii sermoni di S. Agostino et d'altri catholici et antichi dottori [Giovanni Crisostomo, Basilio, Gregorio Magno, Ambrogio, Leone Magno, Cipriano, Bernardo] messi insieme e fatti volgari da ... ; con alcune homelie del medesimo non prima date in. luce, I e II parte$9(OLS)http://semarc/title/203366 996 $6260$aVenezia :$bappresso Francesco Sansovino$9(OLS)http://semarc/publisher/47194 LEADER 00441nab a2200145 i 4500 001 000000281049 003 CaOOAMICUS 005 20140514000000.0 008 140514n xx uu u0 0und r 013 $a33456 040 $aSeMil$bita 245 10$a[SENZA TITOLO]. 500 $aFévrier 2014. 773 0 $t2014.$dLouvain-la-Neuve : Éd. de l'Institut Supérieur de Philosophie, 2014.$w()229667 996 $6245$a[SENZA TITOLO]$9(OLS)http://semarc/title/354609